000 00589nam a22002177a 4500
003 OSt
005 20140310182803.0
008 130213t xxu||||| |||| 00| 0 eng d
020 _a8120700856
050 _aBF 637.C6
_b.K811 2005
100 _aKochhar, S.K.
245 _aGuidance and counselling in colleges and universities /
_cS.K. Kochhar.
260 _aNew Delhi :
_bSterling Publishers,
_cc2005.
300 _axi, 462 p. :
_c22 cm.
521 _aPSYCH
546 _aC7964
650 _aEducational counselling.
942 _2lcc
_cBK
_kFOR
999 _c16025
_d16025